00912nam a2200205 a 450000100100000000500170001000800410002704000250006804100110009308200150010410000370011924501410015626000800029730000200037770000360039774000490043304900090048295201980049199900170068900003139320200930062911.0110620s1948 dr 000 | spa d aDO-SdBNPbspacBNPHU1 aengspa axxxbP424s1 aPepper B., José Vicente95469410aSoviet´s Claws on Central America = Las garras del soviet sobre Centro América /cJosé Vicente Pepper ; prólogo de Summer Welles. aTrujillo City, Dominican Republic :bPapelera Industrial Dominicana,c1948. a74 p. ;c22 cm.1 aWelles, Summer,epról.9578114 aLas garras del soviet sobre Centro América aBNPD 001050718RVaPDbPDcCTd2011-06-20iLF1l0oxxx P424sp31393-10r2020-06-25w2020-06-25y1zPerteneció a la biblioteca personal de Julio Ortega Frier. Dedicado por el autor.ZNo se presta c30885d30885